|
|
|
|
| LEADER |
00000nam a22000007a 4500 |
| 005 |
20151013152025.0 |
| 007 |
cr|||| ||u| |
| 008 |
151013s2014 bl |||||||||| 00||0 por d |
| 020 |
|
|
|a 978-85-361-3017-0
|
| 035 |
|
|
|a 12880
|
| 040 |
|
|
|a vLex
|
| 090 |
|
|
|c 5597
|d 5597
|
| 100 |
1 |
|
|a Novaes Martinez, Wladimir
|
| 245 |
1 |
0 |
|a Curso de Direito Previdencir̀io
|h [Recurso electrn̤ico]
|c Wladimir Novaes Martinez
|
| 250 |
|
|
|a 6® ed.
|
| 256 |
|
|
|a Servicio en ln̕ea
|
| 260 |
|
|
|a Sô Paulo
|b LTR Editora
|c 2014
|
| 300 |
|
|
|a 1 recurso electrn̤ico (1552 p.)
|
| 506 |
|
|
|a Contenido solo disponible en los productos indicados
|d vLex Global
|d vLex Global (Academic Edition, excluding Law Schools)
|d vLex Global (U.S. Academic Edition, Law Schools)
|d vLex Global (U.S. Academic Edition, excluding Law Schools)
|d vLex Global (Academic Edition, Law Schools)
|
| 650 |
0 |
4 |
|a Derecho
|z Sô Paulo
|
| 740 |
0 |
|
|a vLex libros (servicios en ln̕ea)
|
| 856 |
4 |
0 |
|u http://vlex.com/source/curso-direito-previdenciario-12880
|z Acceso restringido
|
| 942 |
|
|
|c BOOK
|
| 999 |
0 |
|
|a Laws
|